<?xml version="1.0" encoding="UTF-8"?>
<marc:record xmlns:marc="http://www.loc.gov/MARC21/slim">
   <marc:leader>00000nam a2200000 a 4500</marc:leader>
   <marc:datafield ind1="1" ind2=" " tag="100">
      <marc:subfield code="a">Funke, Wolfgang</marc:subfield>
      <marc:subfield code="4">aut</marc:subfield>
      <marc:subfield code="e">Verfasser/-in</marc:subfield>
   </marc:datafield>
   <marc:datafield ind1=" " ind2=" " tag="653">
      <marc:subfield code="a">Biologischer Garten</marc:subfield>
   </marc:datafield>
   <marc:datafield ind1=" " ind2=" " tag="653">
      <marc:subfield code="a">Selbstversorgung</marc:subfield>
   </marc:datafield>
   <marc:datafield ind1=" " ind2=" " tag="653">
      <marc:subfield code="a">Ratgeber</marc:subfield>
   </marc:datafield>
   <marc:datafield ind1="0" ind2="0" tag="245">
      <marc:subfield code="a">Selbstversorgung</marc:subfield>
   </marc:datafield>
   <marc:datafield ind1="0" ind2="0" tag="245">
      <marc:subfield code="b">unabhängig, nachhaltig und gesund leben ; Aussaat - Anbau - Konservierung - Vorratshaltung</marc:subfield>
   </marc:datafield>
   <marc:datafield ind1="0" ind2="0" tag="245">
      <marc:subfield code="c">Wolfgang Funke</marc:subfield>
   </marc:datafield>
   <marc:datafield ind1=" " ind2="1" tag="264">
      <marc:subfield code="a">Berlin</marc:subfield>
      <marc:subfield code="b">Scorpio</marc:subfield>
      <marc:subfield code="c">2011</marc:subfield>
   </marc:datafield>
   <marc:datafield ind1="1" ind2=" " tag="520">
      <marc:subfield code="a">Angaben aus der Verlagsmeldung

Selbstversorgung : Unabhänig, nachhaltig und gesund leben / von Wolfgang Funke

Wurden Selbstversorger früher als verklärte Romantiker abgetan, so ist diese Lebensweise heute zu einer ernsthaften Option geworden: Am Anfang steht vielleicht der Wunsch nach Gemüse aus dem eigenen Garten. Bald wird man die Qualität der eigenen Ernte schätzen und mit Blick auf Lebensmittelskandale und Umweltkatastrophen den Wunsch verspüren, sich vom Diktat der Lebensmittelindustrie frei zu machen. Wolfgang Funke, Biologe und praktizierender Selbstversorger, vermittelt kompakte Anleitungen zum Anbau von Obst und Gemüse, Tipps zur Kleintierhaltung, Wissen zu Vorratshaltung und Konservierung und Fakten zum Umgang mit alternativen und erneuerbaren Energien.
</marc:subfield>
   </marc:datafield>
   <marc:datafield ind1=" " ind2=" " tag="020">
      <marc:subfield code="a">9783942166515</marc:subfield>
      <marc:subfield code="9">9783942166515</marc:subfield>
   </marc:datafield>
   <marc:datafield ind1=" " ind2=" " tag="041">
      <marc:subfield code="a">ger</marc:subfield>
   </marc:datafield>
   <marc:datafield ind1=" " ind2=" " tag="300">
      <marc:subfield code="a">405 S.</marc:subfield>
   </marc:datafield>
</marc:record>
